| 000 | 00728nam a2200205Ia 4500 | ||
|---|---|---|---|
| 001 | 11844 | ||
| 003 | GE_BSU | ||
| 008 | 181216s||||||||xx |||||||||||||| ||und|| | ||
| 040 | _cGE_BSU | ||
| 080 | _a630.181.2 | ||
| 100 | _aПилипенко,Ф.С. | ||
| 245 | _aИноземные деревья и кустарники на черноморском побережье Кавказа | ||
| 245 | _cРед.Н.Ф.Виноградов. Худ.Г.В.Смирнов | ||
| 260 | _aЛенинград | ||
| 260 | _bНаука. | ||
| 260 | _c1978 | ||
| 300 | _a292стр.22см. | ||
| 653 | _aИноземные деревья и кустарники на черноморском побережье Кавказа | ||
| 942 | _cBK | ||
| 999 |
_c45023 _d45023 |
||